000 01137nam a22002417a 4500
008 240125t2017 gw |||||r|||| 00| 0 ger d
020 _a9783658187170
041 _ager
100 _aClack, Amanda
110 _aRoyal Institution of Chartered Surveyors
245 _aDiversity & Inclusion Management in der Immobilienbranche
_b : ein Praxisguide
260 _aWeisbaden,
_bSpringer Gabler,
_c2017
300 _a151p.
500 _aCo-published with RICS
520 _aDas Werk erläutert das Konzept des Diversity & Inclusion Managements (D&I), aktuelle Entwicklungen und Trends und zeigt, wie dieses Konzept gezielt in der Immobilienbranche umgesetzt werden kann. Contents: Einführung.- Die Bedeutung von D&I in der Immobilienwirtschaft.- Betrachtung der Grundlagen.- Eine Branche im Umbruch.- Die Prinzipien der Schaffung eines inklusiven Arbeitsplatzes.- Vorgehensweise zur erfolgreichen Umsetzung einer D&I
650 _aDIVERSITY
651 _aGermany
700 _aClack, Amanda
700 _aGabler, Judith
700 _aVermeulen, Maarten
710 _aRoyal Institution of Chartered Surveyors
942 _n0
999 _c121777
_d121777